Co jest sprzedawane w słoikach? - Statystyki

Ogólne statystyki
  • Ten quiz został rozwiązany 33 razy
  • Średni wynik to 3 z 8
Statystyki odpowiedzi
Odpowiedź % Poprawnych
Dżem
79%
Ogórki
79%
Nutella
38%
Papryka
38%
Kukurydza
10%
Kawa
7%
Pasztet
7%
Pieczarki
7%
Nie znaleziono quizów pasujących do podanych kryteriów
Rozkład punktacji
Procent ludzi z każdym wynikiem
Percentyl według liczby udzielonych odpowiedzi
Twoja historia wyników
Nie rozwiązałeś tego quizu